Kennesaw Mountain and the Atlanta Campaign : (Record no. 529984)

000 -LEADER
fixed length control field 01268cam a2200325 a 4500
001 - CONTROL NUMBER
control field 2943684
003 - CONTROL NUMBER IDENTIFIER
control field NUST
005 - DATE AND TIME OF LATEST TRANSACTION
control field 20191008124002.0
008 - FIXED-LENGTH DATA ELEMENTS--GENERAL INFORMATION
fixed length control field 900313s1989 gauab 000 0 eng
010 ## - LIBRARY OF CONGRESS CONTROL NUMBER
LC control number 90034727
020 ## - INTERNATIONAL STANDARD BOOK NUMBER
International Standard Book Number 0962696005
038 ## - RECORD CONTENT LICENSOR
Staff Name waseem
040 ## - CATALOGING SOURCE
Original cataloging agency DLC
Transcribing agency DLC
Modifying agency DLC
043 ## - GEOGRAPHIC AREA CODE
Geographic area code n-us-ga
050 00 - LIBRARY OF CONGRESS CALL NUMBER
Classification number E476.7
Item number .K44 1989
082 00 - DEWEY DECIMAL CLASSIFICATION NUMBER
Classification number 973.737
Author Mark KEL
100 1# - MAIN ENTRY--PERSONAL NAME
Personal name Kelly, Dennis,
Dates associated with a name 1945-
9 (RLIN) 23153
245 10 - TITLE STATEMENT
Title Kennesaw Mountain and the Atlanta Campaign :
Remainder of title a tour guide /
Statement of responsibility, etc. by Dennis Kelly.
260 ## - PUBLICATION, DISTRIBUTION, ETC.
Place of publication, distribution, etc. Marietta, Ga. :
Name of publisher, distributor, etc. Kennesaw Mountain Historical Association,
Date of publication, distribution, etc. [1989?]
300 ## - PHYSICAL DESCRIPTION
Extent 62 p. ;
Other physical details ill., maps ;
Dimensions 28 cm.
650 #0 - SUBJECT ADDED ENTRY--TOPICAL TERM
Topical term or geographic name entry element Kennesaw Mountain, Battle of, Ga., 1864.
9 (RLIN) 23154
650 #0 - SUBJECT ADDED ENTRY--TOPICAL TERM
Topical term or geographic name entry element Atlanta Campaign, 1864.
9 (RLIN) 23155
650 #0 - SUBJECT ADDED ENTRY--TOPICAL TERM
Topical term or geographic name entry element Historic sites
Geographic subdivision Georgia
-- Marietta Region
General subdivision Guidebooks.
9 (RLIN) 23156
651 #0 - SUBJECT ADDED ENTRY--GEOGRAPHIC NAME
Geographic name Kennesaw Mountain National Battlefield Park (Ga.)
General subdivision Guidebooks.
9 (RLIN) 23157
651 #0 - SUBJECT ADDED ENTRY--GEOGRAPHIC NAME
Geographic name Marietta Region (Ga.)
General subdivision Guidebooks.
9 (RLIN) 23158
856 41 - ELECTRONIC LOCATION AND ACCESS
Materials specified Table of contents
Uniform Resource Identifier <a href="http://www.loc.gov/catdir/toc/fy052/90034727.html">http://www.loc.gov/catdir/toc/fy052/90034727.html</a>
906 ## - LOCAL DATA ELEMENT F, LDF (RLIN)
a 7
b cbc
c orignew
d 1
e ocip
f 19
g y-gencatlg
942 ## - ADDED ENTRY ELEMENTS (KOHA)
Source of classification or shelving scheme
Koha item type Book
Holdings
Withdrawn status Lost status Source of classification or shelving scheme Damaged status Not for loan Permanent Location Current Location Date acquired Source of acquisition Total Checkouts Full call number Barcode Date last seen Price effective from Koha item type
          Central Library (CL) Central Library (CL) 10/08/2019 Donation   973.737 KEL CL-D-634 10/08/2019 10/08/2019 Book
© 2023 Central Library, National University of Sciences and Technology. All Rights Reserved.